Normal view
MARC view
- Ghosh, Roy M.K
Entry Personal Name
001 - CONTROL NUMBER
- control field: 1283
003 - CONTROL NUMBER IDENTIFIER
- control field: OSt
005 - DATE AND TIME OF LATEST TRANSACTION
- control field: 20160825130550.0
008 - FIXED-LENGTH DATA ELEMENTS
- fixed length control field: 160825|| aca||aabn | a|a d
040 ## - CATALOGING SOURCE
- Original cataloging agency: OSt
- Transcribing agency: OSt
100 ## - HEADING--PERSONAL NAME
- Personal name: Ghosh, Roy M.K
670 ## - SOURCE DATA FOUND
- Source citation: Work cat.: (OSt): Ghosh, Roy M.K, Water Resources: Strategic Overview for Global Sustainbility, 2015
